000 01117cam a22003497a 4500
003 CHAP
005 20220817043925.0
008 040120d2001 it rn 00110 eng d
010 _a87984
011 _a88956
020 _a9250047339
035 _a99505
040 _cCHAP
082 0 4 _a639.2
_bF46 v.667
110 2 _aFAO
245 1 0 _aReport of the second technical consultation on the suitability of the cites criteria for listing commercially-exploited aquatic species
_c/ by FAO
260 _aRome :
_bFAO,
_c2001.
300 _a87 p. ;
490 0 _aFAO. Informe de pesca
_v; 667
500 _aed. trilingüe
590 _aBATCH-UPD
_b10
_c20130110
_lUCH01
_h1044
590 _aBATCH-UPD
_b10
_c20130410
_lUCH01
_h0643
590 _aBATCH-UPD
_b10
_c20130914
_lUCH01
_h1349
590 _aCONVERSION
_b10
_c20130109
_lUCH01
_h1349
650 1 4 _aPesca.
650 1 4 _aPesca
_xAspectos económicos.
_987361
830 0 _aFAO. Informe de pesca
_v; 667
_939587
901 _aBK
905 _aMayto Villalobos S.
942 _cLIBRO
949 _a639.2 F46 v.667
_bBC
_cFAO
_d33724000913026
_eFAO1
_h104229
_i99505
_sb
999 _c87984
_d87984